| 000 | 00916 a2200181 4500 | ||
|---|---|---|---|
| 003 | Nust | ||
| 005 | 20221201141022.0 | ||
| 020 | _a812032417X | ||
| 040 | _cNust | ||
| 082 | _a539.732,RAY | ||
| 100 |
_aRay, Subir _983300 |
||
| 245 |
_aAn introduction to high voltage engineering / _cSubir Ray |
||
| 260 |
_aNew Delhi _bPrentice-Hall _c2004 |
||
| 300 | _axv, 231 p. | ||
| 505 | _aBreakdown Mechanisms In Gases Under Static Uniform Field (Page-1), Breakdown Characteristics Of Gases Under Uniform Field (Page-18), Breakdown Of Gases In A Non Uniform Field (Page-36), Lightning Phenomenon (Page-48), Breakdown In Liquids And Solids (Page-58), Generation Of High Voltages (Page-75), Measurement Of High Voltages (Page-118), Overvoltage Transient In Power Systems (Page-155), High Voltage Testing Of Power System Equipment (Page-202). | ||
| 650 |
_aHigh voltage engineering _9103926 |
||
| 942 |
_2ddc _cBK _k539.732,RAY |
||
| 999 |
_c184494 _d184494 |
||